00321nam a2200121Ia 4500008004100000041000800041082001600049100001800065245005000083260003000133300001900163999001700182241015s9999 xx 000 0 und d aeng a658.421 MAR aJaycee Martin aEntrepreneurial Policy Reforms And Strategies bWillford PressaUSAc2023 a167;. P. 23 cm c41750d41750